De divinatione (Record no. 106394)
[ view plain ]
| 000 -LEADER | |
|---|---|
| fixed length control field | 01469nam a2200385 a 4500 |
| 100 1# - MAIN ENTRY--AUTHOR NAME | |
| Personal name | Cicero, Marcus Tullius. |
| 245 10 - TITLE STATEMENT | |
| Title | De divinatione |
| 250 ## - EDITION STATEMENT | |
| Edition statement | Editio stereotypa editionis primae (MCMXXXVIII). |
| 260 ## - PUBLICATION, DISTRIBUTION, ETC. (IMPRINT) | |
| Place of publication | Stutgardiae : |
| Name of publisher | In aedibus B.G. Teubneri, |
| Year of publication | 1965. |
| 300 ## - PHYSICAL DESCRIPTION | |
| Number of Pages | xiv, 214 p. |
| 490 0# - SERIES STATEMENT | |
| Series statement | Scripta quae manserunt omnia ; |
| 500 ## - GENERAL NOTE | |
| General note | Reprint of the 1938 ed. |
| 700 0# - ADDED ENTRY--PERSONAL NAME | |
| Personal name | Timaeus. |
| Personal name | Plasberg, Ottonis. |
| Personal name | Ax, W. |
| 856 40 - ELECTRONIC LOCATION AND ACCESS | |
| Uniform Resource Identifier | http://site.ebrary.com/lib/rucke/Doc?id=10591655 |
No items available.
